000 00845nam a2200277Ia 4500
003 OSt
005 20220912151545.0
006 a|||||r|||| 00| 0
007 ta
008 220909b |||||||| |||| 00| 0 eng d
020 _a8121208408 (hbd)
024 _a2117
037 _cTextbook
040 _aCSL
_beng
_cCSL
041 _aeng
082 _aY72:7:7.2'N9--N5, P4 TY
100 _aAhmad M Shakeel
245 0 _aFive decades of planning and tribal development: Jharkhand and Uttaranchal
260 _aNew Delhi
_b Gyan Publishing House
_c2004
300 _a373p.
_ccm.
500 _aBibliographical references 363-366p.
_ccm.; Index 367-373p.
_ccm.
650 _a India
650 _aTribal development
942 _hY72:7:7.2'N9--N5, P4 TY
_cTB
_2CC
999 _c71243
_d71243